First day to final grade : a graduate student's guide to teaching

Main Author: Curzan
Other Authors: Damour,
Published: Ann Arbor: University of Michigan Press, 2000..
Subjects:
LEADER 00728cam a2200193 7i4500
001 0000033188
005 20040218090000.0
020 # 0 |a 0472097326 (cloth : alk. paper)  
020 # 0 |a 047206732X (pbk. : alk. paper)  
090 0 0 |a LB 2335.4   |b C983 
100 1 # |a Curzan  
245 1 0 |a First day to final grade :   |b a graduate student's guide to teaching   |c Anne Curzan and Lisa Damour. 
260 # # |a Ann Arbor:   |b University of Michigan Press,   |c 2000.. 
300 # # |a vii, 197 p.;   |c 23 cm. 
504 0 0 |a Includes bibliographical references and index 
650 0 0 |a Graduate teaching assistants --   |z United States  
650 0 0 |a College teaching --   |z United States  
700 1 1 |a Damour,   |h Lisa  
999 |a 1100020726  |b Book  |c Open Shelf  |e KOLEKSI TERBUKA